[Event "53rd Groningen Open 2015"]
[Site "Groningen NED"]
[Date "2015.12.28"]
[Round "7.2"]
[White "Werle, Jan"]
[Black "Shyam, Sundar M."]
[Result "0-1"]
[WhiteTitle "GM"]
[BlackTitle "GM"]
[WhiteElo "2542"]
[BlackElo "2485"]
[WhiteFideId "1006088"]
[BlackFideId "5019141"]
[EventDate "2015.12.21"]

1. d4 Nf6 2. c4 e6 3. Nf3 d5 4. Nc3 Bb4 5. cxd5 exd5 6. Bg5 h6 7. Bxf6 Qxf6 8.
Qa4+ Nc6 9. e3 O-O 10. Be2 a6 11. O-O Be6 12. Rfc1 Bd6 13. a3 Ne7 14. Qd1 Rad8
15. b4 c6 16. Na4 g5 17. Nc5 Bc8 18. a4 Ng6 19. g3 h5 20. Nd2 Kg7 21. Bxh5 Rh8
22. Nf1 Rxh5 23. Qxh5 g4 24. f4 Be7 25. Qg5 Qd6 26. Nxb7 Qd7 27. Nxd8 Bxg5 28.
Nxc6 Bf6 29. b5 Bb7 30. Nb8 Qd6 31. Nxa6 Bxa6 32. Rc6 Qb4 33. Rxa6 Ne7 34. Ra2
Nf5 35. Re2 Nxd4 36. exd4 Bxd4+ 37. Kg2 Qb3 38. Nd2 Qd1 0-1

[Event "53rd Groningen Open 2015"]
[Site "Groningen NED"]
[Date "2015.12.28"]
[Round "7.3"]
[White "Brink, Barry"]
[Black "Boruchovsky, Avital"]
[Result "0-1"]
[BlackTitle "GM"]
[WhiteElo "2360"]
[BlackElo "2540"]
[WhiteFideId "1009451"]
[BlackFideId "2800055"]
[EventDate "2015.12.21"]

1. d4 Nf6 2. c4 g6 3. Nc3 d5 4. Nf3 Bg7 5. Bg5 Ne4 6. Bf4 c5 7. cxd5 Nxc3 8.
bxc3 Qxd5 9. e3 cxd4 10. cxd4 Nc6 11. Be2 Qa5+ 12. Qd2 O-O 13. Qxa5 Nxa5 14. O-O
Be6 15. Rfc1 Rfc8 16. Nd2 Bd5 17. h3 Nc6 18. Rc5 e6 19. Rb1 Bf8 20. Rxd5 exd5
21. Rxb7 Nd8 22. Rb2 Ne6 23. Bg3 Rc1+ 24. Kh2 Rd8 25. Nb3 Rc3 26. Na5 Bd6 27.
Rb7 Bxg3+ 28. Kxg3 Nxd4 29. Bd1 Rd3 30. Bf3 Ra3 31. Rxa7 Nxf3 32. gxf3 d4 33.
exd4 Rxd4 34. Nc6 Rxa7 35. Nxa7 Ra4 36. Nc6 Rxa2 37. Nb4 Rd2 38. Nc6 f6 39. Na5
Rd4 40. Nb3 Rd5 41. Nc1 Rg5+ 42. Kh2 Rc5 43. Nd3 Rc3 44. Ne1 Kf7 45. Kg3 f5 46.
h4 h6 47. Ng2 g5 48. hxg5 hxg5 49. Ne1 f4+ 50. Kg2 Kf6 51. Kh3 Kf5 52. Kg2 Ke5
53. Kh3 Kd4 0-1

[Event "53rd Groningen Open 2015"]
[Site "Groningen NED"]
[Date "2015.12.28"]
[Round "7.4"]
[White "Petrov, Nikita"]
[Black "Kasparov, Sergey"]
[Result "1/2-1/2"]
[WhiteTitle "IM"]
[BlackTitle "GM"]
[WhiteElo "2456"]
[BlackElo "2485"]
[WhiteFideId "4101286"]
[BlackFideId "13500481"]
[EventDate "2015.12.21"]

1. Nf3 Nf6 2. g3 b5 3. Bg2 Bb7 4. Na3 a6 5. c4 bxc4 6. Nxc4 e6 7. O-O Be7 8. d4
O-O 9. Bf4 Bd5 10. Rc1 Nc6 11. Nfe5 Bxg2 12. Kxg2 Nxe5 13. Bxe5 c6 14. Qa4 Nd5
15. e4 Nb6 16. Qa5 Nxc4 17. Qxd8 Ne3+ 18. fxe3 Rfxd8 19. g4 Rdc8 20. Rc2 a5 21.
Rfc1 a4 22. d5 Ra6 1/2-1/2

[Event "53rd Groningen Open 2015"]
[Site "Groningen NED"]
[Date "2015.12.28"]
[Round "7.5"]
[White "Liu, Yi"]
[Black "Golubov, Saveliy"]
[Result "0-1"]
[WhiteTitle "FM"]
[BlackTitle "IM"]
[WhiteElo "2306"]
[BlackElo "2452"]
[WhiteFideId "3210588"]
[BlackFideId "24176729"]
[EventDate "2015.12.21"]

1. d4 Nf6 2. c4 g6 3. Nc3 Bg7 4. e4 d6 5. Be2 O-O 6. Nf3 e5 7. O-O Nbd7 8. d5
Nc5 9. Qc2 a5 10. Bg5 Qe8 11. Nd2 Nfd7 12. Rae1 f5 13. exf5 gxf5 14. f4 e4 15.
b3 Nf6 16. a3 Qg6 17. b4 Na6 18. Qb3 h6 19. Bh4 Ng4 20. Nd1 axb4 21. axb4 c5 22.
b5 Nb4 23. h3 Nf6 24. Nc3 e3 25. Ndb1 Re8 26. Kh2 Bd7 27. Rf3 Ra1 28. Rg3 Qf7
29. Qb2 Raa8 30. Qc1 Ne4 31. Rxe3 Bd4 32. Rf3 Na2 33. Nxa2 Rxa2 34. Rd3 Nf2 35.
Rg3+ Kh7 36. Bf3 Nd3 37. Rxe8 Qxe8 38. Qf1 Nxf4 39. Bd1 Qe5 40. Kh1 Ng6 41. Rxg6
Kxg6 42. Qf3 Qe3 43. Qh5+ Kg7 0-1

[Event "53rd Groningen Open 2015"]
[Site "Groningen NED"]
[Date "2015.12.28"]
[Round "7.6"]
[White "Lobzhanidze, Davit"]
[Black "Beerdsen, Thomas"]
[Result "1-0"]
[WhiteTitle "IM"]
[BlackTitle "FM"]
[WhiteElo "2425"]
[BlackElo "2323"]
[WhiteFideId "13600796"]
[BlackFideId "1030108"]
[EventDate "2015.12.21"]

1. e4 e5 2. Nf3 Nc6 3. Bc4 Bc5 4. c3 Nf6 5. d3 O-O 6. O-O d5 7. exd5 Nxd5 8.
Nbd2 Nb6 9. b4 Bd6 10. Bb3 a5 11. b5 Ne7 12. a4 Bg4 13. h3 Bh5 14. Ne4 h6 15.
Ng3 Bg6 16. Re1 Nd7 17. Nh4 Bh7 18. Qg4 Kh8 19. Nhf5 Bg6 20. Nxe7 Bxe7 21. Nf5
Bc5 22. Be3 h5 23. Qf3 Qf6 24. g4 Bxe3 25. Rxe3 Nc5 26. Bc4 b6 27. Qg3 Rae8 28.
Nh4 Bh7 29. g5 Qd6 30. Bxf7 Rxf7 31. g6 Rf6 32. gxh7 Kxh7 33. d4 Nd7 34. Rae1
Rfe6 35. Nf3 Kg8 36. dxe5 Qe7 37. Nd4 Qf7 38. Nxe6 Rxe6 39. Kh2 1-0

[Event "53rd Groningen Open 2015"]
[Site "Groningen NED"]
[Date "2015.12.28"]
[Round "7.7"]
[White "Kuipers, Stefan"]
[Black "Von Meijenfeldt, Bart"]
[Result "1-0"]
[WhiteTitle "IM"]
[BlackTitle "FM"]
[WhiteElo "2398"]
[BlackElo "2283"]
[WhiteFideId "1018400"]
[BlackFideId "1032259"]
[EventDate "2015.12.21"]

1. b3 Nf6 2. Bb2 g6 3. Nc3 Bg7 4. d4 c5 5. e3 cxd4 6. exd4 d5 7. Qd2 Nc6 8.
O-O-O Bf5 9. Bb5 Rc8 10. f3 h5 11. Kb1 Qa5 12. Nge2 Kf8 13. a3 Bh6 14. Qe1 a6
15. Bd3 Bxd3 16. Rxd3 b5 17. Rg1 Qc7 18. g4 hxg4 19. fxg4 Bg5 20. h4 Rxh4 21.
Bc1 Bxc1 22. Qxh4 Bxa3 23. Nxd5 Qd6 24. Nb6 1-0

[Event "53rd Groningen Open 2015"]
[Site "Groningen NED"]
[Date "2015.12.28"]
[Round "7.8"]
[White "Van Osch, Mees"]
[Black "Soors, Stef"]
[Result "1/2-1/2"]
[BlackTitle "IM"]
[WhiteElo "2289"]
[BlackElo "2398"]
[WhiteFideId "1035967"]
[BlackFideId "209511"]
[EventDate "2015.12.21"]

1. e4 c6 2. d4 d5 3. Nc3 dxe4 4. Nxe4 Bf5 5. Ng3 Bg6 6. Nh3 e6 7. Nf4 Qh4 8.
Nge2 Nd7 9. g3 Qd8 10. Bg2 Ngf6 11. Nxg6 hxg6 12. O-O Be7 13. c4 O-O 14. Bf4 Re8
15. Nc3 Nb6 16. Qd3 a5 17. Rfd1 a4 18. Rab1 Bf8 19. b4 axb3 20. Rxb3 Ra6 21.
Bxc6 bxc6 22. c5 Nc4 23. Qxc4 Ra8 24. Rb6 Nd5 25. Nxd5 exd5 26. Qc2 g5 27. Be3
Qf6 28. a4 Re6 29. Ra1 Qf3 30. Qd1 Qxd1+ 31. Rxd1 Rxa4 32. Bxg5 g6 33. Rb8 Kg7
34. Rc8 Rc4 35. h4 Be7 36. Bxe7 Rxe7 37. Rxc6 Re4 38. Rc8 Rexd4 39. Rxd4 Rxd4
40. c6 Rc4 41. Kf1 f5 42. Ke2 Rc3 43. f3 d4 44. g4 Re3+ 45. Kf2 fxg4 46. fxg4
Re6 47. Rc7+ Kg8 48. Rc8+ Kg7 49. Rc7+ Kg8 50. Kf3 d3 51. Rd7 Rxc6 52. Rxd3 Rc4
53. Re3 Ra4 54. Re4 Ra5 55. Kf4 Kg7 56. Re7+ Kg8 57. Re5 Ra7 58. Rd5 Kg7 59. Ke5
Re7+ 60. Kf4 Ra7 61. Rc5 Ra4+ 62. Kg5 Ra7 63. Rc4 Ra5+ 64. Kf4 Rb5 65. Rc7+ Kg8
66. Rd7 Ra5 67. Re7 Rb5 68. Re5 Rb7 69. Rc5 Kg7 70. Ke5 Re7+ 71. Kd5 Ra7 72. Ke6
Ra6+ 73. Ke5 Ra7 74. Rc6 Rb7 75. Ke6 Rb4 76. Rc7+ Kg8 77. g5 Rf4 78. Ra7 Kf8 79.
Ke5 Rf5+ 80. Ke6 Rf4 81. Ke5 Rf5+ 82. Ke4 Rb5 83. Rd7 Kg8 84. Rd5 Rb1 85. Ke5
Rf1 86. Rd4 Kg7 87. Rd7+ Kg8 88. Ke6 Rf4 89. Rb7 Rf3 90. Rb1 Rf4 91. Rb8+ 1/2-1/2

[Event "53rd Groningen Open 2015"]
[Site "Groningen NED"]
[Date "2015.12.28"]
[Round "7.9"]
[White "Maatman, Nick"]
[Black "Pruijssers, Roeland"]
[Result "1-0"]
[BlackTitle "GM"]
[WhiteElo "2258"]
[BlackElo "2489"]
[WhiteFideId "1040391"]
[BlackFideId "1013068"]
[EventDate "2015.12.21"]

1. d4 Nf6 2. c4 d6 3. Nc3 g6 4. e4 Bg7 5. f3 O-O 6. Be3 Nc6 7. Qd2 a6 8. Rc1 Re8
9. Nge2 Bd7 10. Nd1 b5 11. c5 dxc5 12. Rxc5 e5 13. d5 Nd4 14. Nxd4 exd4 15. Bg5
h6 16. Bxf6 Qxf6 17. Bd3 Qd6 18. b4 Qb6 19. O-O a5 20. a3 axb4 21. axb4 Bf8 22.
Qc1 Bxc5 23. bxc5 Qa5 24. c6 Bc8 25. Qxh6 Qa3 26. Nf2 Qb2 27. e5 Ra1 28. Ne4 1-0

[Event "53rd Groningen Open 2015"]
[Site "Groningen NED"]
[Date "2015.12.28"]
[Round "7.10"]
[White "Berkovich, Mark A"]
[Black "Schoppen, Casper"]
[Result "0-1"]
[WhiteTitle "IM"]
[WhiteElo "2353"]
[BlackElo "2305"]
[WhiteFideId "2801639"]
[BlackFideId "1046730"]
[EventDate "2015.12.21"]

1. g3 Nf6 2. Bg2 g6 3. c4 Bg7 4. Nc3 O-O 5. d3 c6 6. e4 e5 7. Nge2 d6 8. O-O a6
9. a4 a5 10. h3 Na6 11. f4 Nb4 12. Be3 Nd7 13. d4 exd4 14. Nxd4 Nc5 15. Rb1 Re8
16. Re1 f5 17. Nb3 Ncd3 18. Re2 fxe4 19. Kh2 Nxb2 20. Rbxb2 Bxc3 21. Bd4 Bxd4
22. Qxd4 d5 23. cxd5 cxd5 24. Nxa5 Nc6 25. Nxc6 bxc6 26. Re3 Qe7 27. Ra2 Be6 28.
Rc2 Bd7 29. Rc5 Rxa4 0-1

[Event "53rd Groningen Open 2015"]
[Site "Groningen NED"]
[Date "2015.12.28"]
[Round "7.11"]
[White "Vrolijk, Liam"]
[Black "Maris, Ivo"]
[Result "0-1"]
[BlackTitle "FM"]
[WhiteElo "2094"]
[BlackElo "2352"]
[WhiteFideId "1048333"]
[BlackFideId "1028146"]
[EventDate "2015.12.21"]

1. d4 Nf6 2. c4 c5 3. d5 e6 4. Nc3 exd5 5. cxd5 d6 6. Nf3 g6 7. Bf4 Bg7 8. Qa4+
Bd7 9. Qb3 b5 10. Nxb5 Qa5+ 11. Nc3 Na6 12. Bxd6 Ne4 13. Be5 O-O 14. Bxg7 Kxg7
15. e3 Rab8 16. Qc2 Nb4 17. Qc1 Nxd5 18. Bc4 Ndxc3 19. bxc3 Nxc3 20. Qd2 Rfd8
21. Rc1 Be6 22. Bd3 Rxd3 23. Qxd3 Nxa2+ 24. Qd2 Qxd2+ 25. Kxd2 Nxc1 26. Rxc1
Rb2+ 27. Ke1 Rb5 28. Kd2 a5 29. Ra1 Rb2+ 30. Kc3 Rxf2 31. Rxa5 Rxg2 32. Rxc5 Bg4
33. Ne5 Bf5 34. Nf3 Rf2 35. Nd4 Bg4 36. Rg5 f5 0-1

[Event "53rd Groningen Open 2015"]
[Site "Groningen NED"]
[Date "2015.12.28"]
[Round "7.13"]
[White "Kevlishvili, Robby"]
[Black "Amesz, Jaap"]
[Result "1/2-1/2"]
[WhiteTitle "FM"]
[WhiteElo "2351"]
[BlackElo "2166"]
[WhiteFideId "1040634"]
[BlackFideId "1007106"]
[EventDate "2015.12.21"]

1. e4 d5 2. exd5 Nf6 3. Bb5+ Bd7 4. Be2 Nxd5 5. d4 Bf5 6. Nf3 Nb4 7. Na3 e6 8.
O-O Be7 9. c3 Nd5 10. Nc2 O-O 11. c4 Nb6 12. Be3 c5 13. Qd2 Na6 14. Rfd1 Qc7 15.
Bf4 Bd6 16. Bxd6 Qxd6 17. b4 cxb4 18. c5 Qc7 19. Bxa6 bxa6 20. Nxb4 Nd7 21. Nxa6
Qc6 22. Nb4 Qa4 23. Rdc1 Be4 24. Ng5 Bg6 25. d5 exd5 26. Nxd5 Nf6 27. Ne7+ Kh8
28. c6 h6 29. Ne6 Rfe8 30. c7 Rxe7 31. c8=Q+ Rxc8 32. Rxc8+ Re8 33. Rxe8+ Qxe8
34. Nf4 Be4 35. Re1 Qa8 36. f3 Bc6 37. Qd4 a5 38. h3 a4 39. Re7 Kg8 40. Qa7 Qf8
41. Kh1 Nd5 42. Nxd5 Bxd5 43. Re2 Qb4 44. Qg1 Be6 45. Qc1 a3 46. Rd2 Kh7 47.
Qc2+ g6 48. Re2 h5 49. Qc1 Qd4 50. Qd2 Qb6 51. Qc3 Qb1+ 52. Re1 Qxa2 53. Ra1 Qb2
54. Qxa3 Qxa3 55. Rxa3 Kh6 56. h4 Kg7 57. Kh2 Kf6 58. Kg3 Kf5 59. Ra5+ Kf6 60.
Kf4 Bd7 61. g4 hxg4 62. fxg4 Kg7 63. g5 Be6 64. Ra6 Bb3 65. Ke5 Bc4 66. Rb6 Ba2
67. Kd6 Be6 68. Rb2 Bc4 69. Ke5 Be6 70. Kf4 Bc4 71. Rh2 Bb3 72. h5 gxh5 73. Rxh5
Bc4 74. Rh6 Bd3 75. Rd6 Bg6 76. Rb6 Bd3 77. Ke5 Bg6 78. Rc6 Bh5 79. Kf4 Bg6 80.
Rxg6+ Kxg6 81. Kg4 f6 82. gxf6 Kxf6 1/2-1/2

[Event "53rd Groningen Open 2015"]
[Site "Groningen NED"]
[Date "2015.12.28"]
[Round "7.14"]
[White "Ypma, Peter"]
[Black "Wacker, Peter"]
[Result "1-0"]
[BlackTitle "FM"]
[WhiteElo "2228"]
[BlackElo "2335"]
[WhiteFideId "1027255"]
[BlackFideId "4615751"]
[EventDate "2015.12.21"]

1. e4 e5 2. Nf3 Nc6 3. Bb5 a6 4. Bxc6 dxc6 5. O-O Bg4 6. h3 Bh5 7. g4 Bg6 8.
Nxe5 Qh4 9. Qf3 f6 10. Nc4 h5 11. d3 Bf7 12. g5 Be6 13. Kg2 b5 14. Na5 Bd6 15.
Nxc6 Bg4 16. Qe3 fxg5 17. e5 Bc5 18. Qg3 Bd7 19. Na5 Qxg3+ 20. fxg3 g4 21. h4
O-O-O 22. Nb3 Bb6 23. Bg5 Bc6+ 24. Kh2 Re8 25. d4 Nf6 26. N1d2 a5 27. Bxf6 gxf6
28. Rxf6 Bd5 29. c3 a4 30. Nc1 b4 31. Ne2 a3 32. c4 axb2 33. Rb1 Rhf8 34. Rxf8
Rxf8 35. Kg1 Bf3 36. c5 Bxc5 37. dxc5 Bxe2 38. Rxb2 Re8 39. Rxb4 Rxe5 40. Re4
Rxe4 41. Nxe4 Bc4 42. a3 Bd3 43. Nf6 Bg6 44. Kf2 Kb7 45. Ke3 Kc6 46. Kd4 Kb5 47.
Nd5 1-0

[Event "53rd Groningen Open 2015"]
[Site "Groningen NED"]
[Date "2015.12.28"]
[Round "7.15"]
[White "Gerlagh, Joris"]
[Black "Kerigan, Demre"]
[Result "0-1"]
[BlackTitle "IM"]
[WhiteElo "2159"]
[BlackElo "2374"]
[WhiteFideId "1038834"]
[BlackFideId "6307841"]
[EventDate "2015.12.21"]

1. d4 d6 2. Nf3 g6 3. g3 Bg7 4. Bg2 Nd7 5. O-O e5 6. Bg5 f6 7. Be3 Ne7 8. dxe5
dxe5 9. Nc3 O-O 10. Qd3 Nb6 11. Bxb6 Qxd3 12. cxd3 axb6 13. d4 exd4 14. Nxd4 c6
15. Rfd1 Rd8 16. Rd2 Nf5 17. e3 b5 18. Nb3 Rxd2 19. Nxd2 Bf8 20. Nce4 Kf7 21.
Nb3 Nd6 22. Nxd6+ Bxd6 23. a3 Ke7 24. Rc1 Be6 25. Nd4 Bd7 26. Bf3 b4 27. axb4
Bxb4 28. Rc4 Ra1+ 29. Kg2 Bd6 30. b4 Rb1 31. Nc2 Be6 32. Rh4 h5 33. g4 Bc4 34.
Be4 Bf1+ 35. Kf3 hxg4+ 0-1

[Event "53rd Groningen Open 2015"]
[Site "Groningen NED"]
[Date "2015.12.28"]
[Round "7.16"]
[White "Warmerdam, Max"]
[Black "Afek, Yochanan"]
[Result "1-0"]
[WhiteTitle "FM"]
[BlackTitle "IM"]
[WhiteElo "2335"]
[BlackElo "2267"]
[WhiteFideId "1048104"]
[BlackFideId "2800462"]
[EventDate "2015.12.21"]

1. e4 c5 2. Nf3 Nc6 3. d4 cxd4 4. Nxd4 g6 5. Nc3 Bg7 6. Be3 Nf6 7. Bc4 Qa5 8.
O-O O-O 9. Bb3 d6 10. h3 Nxd4 11. Bxd4 Be6 12. Re1 Qg5 13. Re3 Nh5 14. Bxg7 Kxg7
15. Qd4+ Kg8 16. Nd5 Bxd5 17. exd5 Nf4 18. Qe4 f5 19. Qf3 Rac8 20. Rae1 Rc7 21.
Qg3 Qxg3 22. fxg3 Nh5 23. Rxe7 Rxe7 24. Rxe7 Nxg3 25. Rxb7 Re8 26. Kf2 Ne4+ 27.
Kf3 Nd2+ 28. Kf4 h6 29. Rxa7 Re4+ 30. Kg3 f4+ 31. Kg4 f3+ 32. Kg3 Re2 33. gxf3
Nf1+ 34. Kf4 Re5 35. Rd7 g5+ 36. Kg4 Ne3+ 37. Kg3 h5 38. Kf2 Nd1+ 39. Kf1 Ne3+
40. Kg1 Nf5 41. Kf2 h4 42. a4 Nd4 43. Bc4 Rf5 44. Ke3 Nxc2+ 45. Kd2 Nd4 46. Rxd6
Nxf3+ 47. Ke3 Kg7 48. Be2 Ng1 49. Bg4 Rf4 50. a5 Ra4 51. a6 Ra2 52. Rb6 1-0

[Event "53rd Groningen Open 2015"]
[Site "Groningen NED"]
[Date "2015.12.28"]
[Round "7.17"]
[White "Chen, Pengyu"]
[Black "Ratsma, Midas"]
[Result "1-0"]
[WhiteTitle "FM"]
[WhiteElo "2289"]
[BlackElo "2131"]
[WhiteFideId "3212092"]
[BlackFideId "1032283"]
[EventDate "2015.12.21"]

1. c4 b6 2. d4 Bb7 3. Nc3 e6 4. a3 Nf6 5. Nf3 d5 6. cxd5 exd5 7. Bg5 Be7 8. e3
O-O 9. Bd3 Nbd7 10. O-O c5 11. Rc1 Rc8 12. Bf5 g6 13. Bh3 Ne4 14. Bh6 Re8 15.
Nxe4 dxe4 16. dxc5 exf3 17. Bxd7 fxg2 18. Re1 Bf3 19. Qa4 bxc5 20. Bxe8 Qxe8 21.
Qf4 Ba8 22. Qe5 f6 23. Qe6+ Kh8 24. Red1 Bc6 25. Rxc5 Bb7 26. Re5 Bf3 27. Re1
Rc7 28. Qxf6+ 1-0

[Event "53rd Groningen Open 2015"]
[Site "Groningen NED"]
[Date "2015.12.28"]
[Round "7.18"]
[White "Boer, Alef"]
[Black "Bezemer, Arno"]
[Result "1/2-1/2"]
[BlackTitle "FM"]
[WhiteElo "2125"]
[BlackElo "2287"]
[WhiteFideId "1007122"]
[BlackFideId "1001396"]
[EventDate "2015.12.21"]

1. c4 g6 2. g3 Bg7 3. Bg2 Nf6 4. Nc3 O-O 5. e4 d6 6. Nge2 c5 7. O-O Nc6 8. a3
Ne8 9. Rb1 a5 10. Nb5 Nc7 11. Nxc7 Qxc7 12. d3 Rb8 13. Nc3 Nd4 14. b4 axb4 15.
axb4 1/2-1/2

[Event "53rd Groningen Open 2015"]
[Site "Groningen NED"]
[Date "2015.12.28"]
[Round "7.19"]
[White "Sparenberg, Erik"]
[Black "Saravanan, V."]
[Result "1/2-1/2"]
[BlackTitle "IM"]
[WhiteElo "2110"]
[BlackElo "2283"]
[WhiteFideId "1013262"]
[BlackFideId "5000580"]
[EventDate "2015.12.21"]

1. e4 c5 2. Nf3 e6 3. d4 cxd4 4. Nxd4 Nc6 5. Nc3 Qc7 6. Be3 a6 7. Be2 Nf6 8. O-O
Be7 9. f4 d6 10. Bf3 O-O 11. Qd2 Nxd4 12. Bxd4 e5 13. Bf2 b5 14. a4 b4 15. Na2
a5 16. c3 b3 17. Nc1 Rb8 18. Ne2 Rd8 19. Ng3 exf4 20. Qxf4 Nd7 21. Nf5 Bf8 22.
Be2 Ne5 23. Bd4 Be6 24. Kh1 Kh8 1/2-1/2

[Event "53rd Groningen Open 2015"]
[Site "Groningen NED"]
[Date "2015.12.28"]
[Round "7.20"]
[White "Kokje, Joris"]
[Black "Heemskerk, Wim"]
[Result "1/2-1/2"]
[BlackTitle "FM"]
[WhiteElo "1975"]
[BlackElo "2181"]
[WhiteFideId "1051024"]
[BlackFideId "1001000"]
[EventDate "2015.12.21"]

1. d4 Nf6 2. Nf3 e6 3. g3 d5 4. Bg2 Be7 5. O-O O-O 6. c4 c6 7. Nfd2 b6 8. Nc3
Bb7 9. e4 Na6 10. a3 Nc7 11. Re1 Re8 12. h4 c5 13. cxd5 cxd4 14. Ne2 exd5 15. e5
Ne4 16. Nxd4 Bc5 17. N2b3 Ne6 18. Nxc5 bxc5 19. Nxe6 Rxe6 20. Bf4 c4 21. Qd4 Qb6
22. Red1 Qxd4 23. Rxd4 Rb6 24. Bxe4 dxe4 25. Rxc4 Rxb2 26. Rd1 Ba6 27. Rxe4 Be2
28. Rc1 Bg4 29. Ra4 Rb7 30. Be3 Be6 31. Ra6 h5 32. a4 Bd5 33. Rd6 Bf3 34. Bd4
Rab8 35. Be3 Rb1 36. Rd8+ Rxd8 37. Rxb1 a6 38. Bf4 1/2-1/2

[Event "53rd Groningen Open 2015"]
[Site "Groningen NED"]
[Date "2015.12.28"]
[Round "7.21"]
[White "Kalaiyalahan, Akshaya"]
[Black "Bhattacharjee, Sourav"]
[Result "1-0"]
[WhiteElo "2157"]
[BlackElo "2067"]
[WhiteFideId "422894"]
[BlackFideId "1048090"]
[EventDate "2015.12.21"]

1. d4 Nf6 2. c4 c5 3. d5 e6 4. Nc3 exd5 5. cxd5 d6 6. Nf3 g6 7. Bf4 a6 8. a4 Bg7
9. h3 O-O 10. e3 Re8 11. Nd2 Nbd7 12. Be2 Ne5 13. O-O b6 14. Bh2 Bb7 15. e4 Qe7
16. f4 Ned7 17. Re1 h6 18. Bf3 Nh7 19. e5 dxe5 20. d6 Bxf3 21. Nxf3 Qd8 22. fxe5
Ng5 23. Nxg5 Qxg5 24. Qd5 Rad8 25. Rf1 Bxe5 26. Qxf7+ Kh8 27. Bxe5+ Nxe5 28. Qc7
Rf8 29. Qe7 Rfe8 30. Qc7 Rf8 31. Kh1 Nd3 32. Ne4 Qe5 33. Nf6 Rxf6 34. Qxd8+ 1-0

[Event "53rd Groningen Open 2015"]
[Site "Groningen NED"]
[Date "2015.12.28"]
[Round "7.22"]
[White "Den Hartog, Marijn"]
[Black "Dehn, Marcus"]
[Result "1-0"]
[WhiteElo "2197"]
[BlackElo "2152"]
[WhiteFideId "1046098"]
[BlackFideId "4667093"]
[EventDate "2015.12.21"]

1. e4 g6 2. d4 Bg7 3. Nc3 c6 4. Nf3 d5 5. Bd3 a6 6. O-O b5 7. Re1 Bb7 8. Bg5 h6
9. Bh4 g5 10. Bg3 Nd7 11. Qe2 Nb6 12. Ne5 Nf6 13. exd5 Nbxd5 14. Nxd5 Qxd5 15.
Ng6 e6 16. Nxh8 c5 17. f3 c4 18. Bg6 Bxh8 19. Qxe6+ Qxe6 20. Rxe6+ Kf8 21. Bd6+
Kg8 22. Bxf7+ 1-0

[Event "53rd Groningen Open 2015"]
[Site "Groningen NED"]
[Date "2015.12.28"]
[Round "7.23"]
[White "Al-Hajiri, Bader"]
[Black "Keetman, Maaike"]
[Result "1-0"]
[WhiteTitle "CM"]
[WhiteElo "2183"]
[BlackElo "2087"]
[WhiteFideId "10300163"]
[BlackFideId "1033697"]
[EventDate "2015.12.21"]

1. e4 c5 2. Nf3 e6 3. d4 cxd4 4. Nxd4 Nc6 5. Nc3 Qc7 6. Be3 a6 7. Be2 Nf6 8. O-O
Be7 9. f4 d6 10. Qe1 O-O 11. Qg3 Nxd4 12. Bxd4 b5 13. e5 dxe5 14. fxe5 Nd7 15.
Ne4 Bb7 16. Nd6 Bd5 17. Bd3 g6 18. Rf2 f5 19. h4 Qd8 20. h5 Bh4 21. Qf4 g5 22.
Qe3 Bxf2+ 23. Kxf2 Nf6 24. Qxg5+ Kh8 25. exf6 1-0

[Event "53rd Groningen Open 2015"]
[Site "Groningen NED"]
[Date "2015.12.28"]
[Round "7.24"]
[White "Theulings, Paul-Peter"]
[Black "Drozdowski, Konrad"]
[Result "1/2-1/2"]
[WhiteTitle "CM"]
[WhiteElo "2182"]
[BlackElo "1987"]
[WhiteFideId "1002899"]
[BlackFideId "1106279"]
[EventDate "2015.12.21"]

1. Nf3 d5 2. d4 Nf6 3. c4 dxc4 4. Nc3 a6 5. e4 b5 6. e5 Nd5 7. a4 e6 8. axb5 Nb6
9. Be3 Bb7 10. bxa6 Rxa6 11. Rxa6 Bxa6 12. Nd2 Nc6 13. Na4 Na5 14. Nxb6 cxb6 15.
Nxc4 Bb4+ 16. Nd2 Bxf1 17. Kxf1 Bxd2 18. Qxd2 O-O 19. h3 Qd5 20. Kg1 Rd8 21. Qb4
Nc6 22. Qxb6 Nxd4 23. Qxd4 Qxd4 24. Bxd4 Rxd4 1/2-1/2

[Event "53rd Groningen Open 2015"]
[Site "Groningen NED"]
[Date "2015.12.28"]
[Round "7.25"]
[White "Bollen, Guus"]
[Black "Andersen, Alf R."]
[Result "1-0"]
[WhiteElo "2135"]
[BlackElo "2163"]
[WhiteFideId "1027883"]
[BlackFideId "1503120"]
[EventDate "2015.12.21"]

1. e4 d6 2. d4 Nf6 3. Nc3 g6 4. f4 Bg7 5. Nf3 O-O 6. e5 Ne8 7. Be3 Nd7 8. h4 Nb6
9. h5 Bg4 10. hxg6 hxg6 11. Rh4 Qd7 12. Bd3 c6 13. Qd2 f5 14. O-O-O Nc7 15. Rdh1
Bxf3 16. gxf3 Kf7 17. Qg2 Rh8 18. Rg1 Qe6 19. Ne4 fxe4 20. f5 Qxf5 21. Rf4 Ke6
22. Rxf5 gxf5 23. fxe4 Rag8 24. Qg6+ Kd7 25. Qxf5+ Kd8 26. exd6 Ne8 27. dxe7+
Kxe7 28. Bg5+ Bf6 29. Bxf6+ Nxf6 30. Qe5+ Kf7 31. Rf1 Rh6 32. Qc7+ Ke8 33. e5
Rh7 34. Bxh7 1-0

[Event "53rd Groningen Open 2015"]
[Site "Groningen NED"]
[Date "2015.12.28"]
[Round "7.26"]
[White "Kasparova, Tatiana"]
[Black "Taal, Rieks"]
[Result "1-0"]
[WhiteTitle "WIM"]
[WhiteElo "2158"]
[BlackElo "2071"]
[WhiteFideId "13501453"]
[BlackFideId "1043978"]
[EventDate "2015.12.21"]

1. e4 c5 2. Nf3 e6 3. d4 cxd4 4. Nxd4 Nc6 5. Nb5 d6 6. c4 Nf6 7. N1c3 a6 8. Na3
Be7 9. Be3 O-O 10. Be2 b6 11. O-O Bb7 12. Qb3 Ne5 13. f3 Ned7 14. Rfd1 Qc7 15.
Rac1 Rac8 16. Kh1 Rfd8 17. Rd2 h5 18. Qd1 Qb8 19. Nc2 Ba8 20. Qg1 a5 21. Nd4 Nc5
22. Rcd1 g6 23. Ndb5 Bc6 24. Bf4 Ne8 25. Qf2 Rd7 26. Qe3 Rcd8 27. Bg3 Qa8 28.
Bf1 Qb7 29. Nd4 Bf6 30. Nxc6 Qxc6 31. Nb5 Nb7 32. Be2 Nc7 33. Na7 Qc5 34. Qxc5
bxc5 35. Nc6 Ra8 36. e5 Bg5 37. f4 h4 38. exd6 Ne8 39. fxg5 hxg3 40. Bf3 Rxd6
41. Ne7+ Kf8 42. Bxb7 Rad8 43. Rxd6 Rxd6 44. Rxd6 Nxd6 45. Nc6 Nxb7 46. hxg3 Ke8
47. Kg1 Kd7 48. Ne5+ Ke7 49. Kf2 f6 50. Nc6+ Kf7 51. gxf6 Kxf6 52. Kf3 Kf5 53.
b3 Kf6 54. g4 Kg5 55. Kg3 Kf6 56. Kf4 g5+ 57. Ke4 Nd6+ 58. Ke3 Nb7 59. Kd3 Kf7
60. Na7 Kf6 61. Ke4 Nd6+ 62. Ke3 a4 63. Nb5 axb3 64. axb3 Nb7 65. Nc3 Kg6 66.
Ne4 Kh6 67. Kd3 Kg6 68. Kc3 e5 69. b4 cxb4+ 70. Kxb4 Nd8 71. c5 Kf7 72. Kc4 Ke6
73. Nxg5+ Kf6 74. Ne4+ Ke6 75. g5 Nc6 76. g4 Nd4 77. g6 Nc6 78. g7 Ne7 79. Nd6
Kf6 80. Nf5 Ng8 81. Kd5 1-0